000 00489nam a2200169Ia 4500
008 230718s9999 xx 000 0 und d
020 _a9781591844679
041 _aeng
082 _a174.4
_bPEP
100 _aPeppers D.
_9193945
245 _aExtreme Trust
_bHonesty As A Competitive Advantage
260 _c2012
_bPortfolio/Penguin
300 _a326
365 _cRs.
_b799.00
700 _aPeppers D. & Rogers M.
_9193946
906 _dO:0309218-Oct-2012B:148024-Sep-2012
_cCOMP
_b175.78
999 _c331493
_d331493